Rise of terrorism and secessionism in Eurasia / (Record no. 126382)

MARC details
000 -LEADER
fixed length control field 00691nam a22002297a 4500
005 - DATE AND TIME OF LATEST TRANSACTION
control field 20170124110009.0
010 ## - LIBRARY OF CONGRESS CONTROL NUMBER
LC control number B-035207
020 ## - INTERNATIONAL STANDARD BOOK NUMBER
Terms of availability 00.00
International Standard Book Number 812120738X
035 ## - SYSTEM CONTROL NUMBER
System control number B-035207
037 ## - SOURCE OF ACQUISITION
Source of stock number/acquisition Cen Lib/Ret
040 ## - CATALOGING SOURCE
Original cataloging agency DPL
Language of cataloging EN
082 ## - DEWEY DECIMAL CLASSIFICATION NUMBER
Classification number 303.625
Item number RIS
245 ## - TITLE STATEMENT
Title Rise of terrorism and secessionism in Eurasia /
Statement of responsibility, etc edited by V.D.Chopra
260 ## - PUBLICATION, DISTRIBUTION, ETC. (IMPRINT)
Place of publication, distribution, etc New Delhi
Name of publisher, distributor, etc Gyan Publishing House
Date of publication, distribution, etc 2001
270 ## - ADDRESS
Address 5, Ansari Road
City New Delhi
Postal code 110002
300 ## - PHYSICAL DESCRIPTION
Extent 340p. :
Dimensions 22cm(Hb)
500 ## - GENERAL NOTE
General note Includes index
650 ## - SUBJECT ADDED ENTRY--TOPICAL TERM
Topical term or geographic name as entry element Secession -- Eurasia.
9 (RLIN) 17391
650 ## - SUBJECT ADDED ENTRY--TOPICAL TERM
Topical term or geographic name as entry element Terrorism -- Eurasia.
9 (RLIN) 17392
700 ## - ADDED ENTRY--PERSONAL NAME
Personal name Chopra, V.D.
9 (RLIN) 1651
942 ## - ADDED ENTRY ELEMENTS (KOHA)
Source of classification or shelving scheme Dewey Decimal Classification
Koha item type English Books
Classification part 303.625
Call number suffix RIS
Holdings
Withdrawn status Lost status Damaged status Not for loan Home library Current library Date acquired Source of acquisition Cost, normal purchase price Total Checkouts Full call number Barcode Date last seen Copy number Cost, replacement price Price effective from Koha item type
        Central Library Central Library 25/06/2015 Cen Lib/Ret 0.00   303.625 RIS B-035207 25/06/2015 1 0.00 25/06/2015 English Books

© Delhi Public Library
Hit Counter
free hit counter